| 000 | 00874nam a22002537a 4500 | ||
|---|---|---|---|
| 001 | 8538 | ||
| 003 | FISKH | ||
| 005 | 20250918132822.0 | ||
| 008 | 250918b cb ||||| |||| 00| 0 eng d | ||
| 020 | _a9789996301117 | ||
| 040 |
_aFISKH _bkhr _cFISKH _dFISKH |
||
| 050 | _aPZ7 | ||
| 100 | _aSotheary, Kimsun | ||
| 245 |
_aតាព្រហ្មនៅវត្តនគរបាជ័យ : _bTa Prom at Nokobachey Temple / _cរៀបរៀងដោយ អ្នកស្រី គឹមស៊ុន សុធារី |
||
| 260 |
_aPhnom Penh : _bReading Books , _c2010. |
||
| 300 |
_a24 pages : _bcolor illustrations ; _c25 cm . |
||
| 490 | _aពិភពរឿងនិទាន | ||
| 505 | _aP | ||
| 521 | 8 |
_a650
_bLexile estimate |
|
| 521 | 8 |
_aP
_bRaz-Plus |
|
| 700 |
_aSovanrith, Khun _eIllustrator |
||
| 942 |
_2ddc _cKHB _n0 |
||
| 999 |
_c8538 _d8538 |
||